| 000 | 00634nam a22002057a 4500 | ||
|---|---|---|---|
| 003 | DO-SdBNP | ||
| 005 | 20210914150324.0 | ||
| 007 | ta | ||
| 008 | 210914e2018 dr a|||er6||| 00| 1 spa d | ||
| 020 | _a9789945903669 | ||
| 040 |
_aDO-SdBNP _bspa _cBNPHU |
||
| 082 | _bP438m | ||
| 100 | 1 |
_975772 _aPeréz, Jorge E. |
|
| 245 | 1 | 0 |
_aMemorias / _cJorge E. Pérez; Enmanuel Evertz, il.; Milena Erazo, ed. |
| 260 |
_a[Santo Domingo] : _bVice presidencia de la República, _bFiesta de Cómic, _c2018 |
||
| 300 |
_a[18 p.]: _bil.; _c25 cm |
||
| 700 | 2 |
_976816 _a Evertz , Enmanuel _eil. |
|
| 700 | 1 | 2 |
_955124 _aErazo, Milena _eed. |
| 942 |
_2ddc _cLF2 |
||
| 999 |
_c50502 _d50502 |
||